| 000 | 00709nam a2200241Ia 4500 | ||
|---|---|---|---|
| 003 | OSt | ||
| 005 | 20220924114250.0 | ||
| 006 | a|||||r|||| 00| 0 | ||
| 007 | ta | ||
| 008 | 220923b |||||||| |||| 00| 0 urd d | ||
| 024 | _a257093 | ||
| 037 | _cTextual | ||
| 040 |
_aARTS _cARTS _burd |
||
| 041 |
_2urd _aurd |
||
| 082 | _aU8.4.L3, 168K1.1-.2 | ||
| 100 |
_aHayat-ul-Hasan Mohammad Au. _9172709 |
||
| 245 | 0 |
_aSafarnama _b Ibne Batuta |
|
| 260 |
_aAmritsar _bMalik Munsi Fazil India _c1901 |
||
| 300 |
_aVol. 1. 400p. _ccm. |
||
| 650 |
_aVOYAGES AND TRAVELS _9172710 |
||
| 942 |
_hU8.4.L3, 168K1.1-.2 _cTEXL _2CC |
||
| 999 |
_c392760 _d392760 |
||